| 000 | 00410nam a22001697a 4500 | ||
|---|---|---|---|
| 999 |
_c3618 _d3617 |
||
| 005 | 20210915154030.0 | ||
| 008 | 160623b xxu||||| |||| 00| 0 eng d | ||
| 020 | _a0-07-112740-2 | ||
| 041 | _aeng | ||
| 082 | _b9264 | ||
| 100 |
_aMoore, William. L and Pessemier, Edger A _92544 |
||
| 245 | _aProduct Planning Management | ||
| 260 |
_bTMH _c1993 |
||
| 300 | _a523 | ||
| 650 |
_aManagement _9241 |
||
| 942 | _cBK | ||